| 000 | 00597nam a2200181Ia 4500 | ||
|---|---|---|---|
| 003 | IN-BaIIA | ||
| 008 | 211028s9999 xx 000 0 eng d | ||
| 020 | _a2-903148-94-5 | ||
| 040 | _cIIA Library | ||
| 080 |
_a52-77(035) _bCRA |
||
| 110 |
_aFrance. Committee on radio astronomy frequencies _921334 |
||
| 245 | 0 |
_aCRAF handbook for radio astronomy _cCommittee on radio astronomy frequencies |
|
| 250 | _a2nd ed. | ||
| 260 |
_aNetherlands _bNetherlands Foundation for Research Astronomy _c1997 |
||
| 300 | _a149p. | ||
| 650 |
_aHandbook-Radio astronomy _921335 |
||
| 942 | _cBK | ||
| 999 |
_c12211 _d12211 |
||